000
00267nam a22001217a 4500
020
_a
8178268576
082
_a
494
_b
ROH/B
245
_a
BHACHOM KEE NAITHIK KADHAEAM
260
_a
DELHI
_b
ROHAN BOOK COMPANY
300
_a
16
650
_a
HINDI STORY
_z
DELHI
942
_c
BK
999
_c
4920
_d
4920